000 00529nam a2200169 i 4500
001 32776
003 ES-MaACL
005 20230906154631.0
007 t|
008 030131s1910 sp ||||1| spa d
100 1 _aBenson, Robert Hugh.
_927779
245 1 3 _aLa tragedia de la Reina /
_cRoberto Hugo Benson ; traducido del inglés por Juan Mateos.
260 _aBarcelona :
_b[s.n.,
_c1910] (
_fImp. de Puinart y Pujolart)
300 _a423 p. :
_bil. ;
_c19 cm.
700 1 _aMateos, Juan.
_978979
852 _aES-MaACL
_jF-10951
999 _c32776
_d32776